000
00351nam a22001577a 4500
003
MPLRDC
005
20220104113753.0
008
210129b ||||| |||| 00| 0 eng d
082
_a
848.2 YLH v.2
100
_a
於梨华
245
_a
也是秋天
_c
260
_a
_b
不详
_c
300
_b
平
650
_a
现代别集
942
_c
BK
_o
848.2 YLH v.2
999
_c
2224
_d
2214